LEADER 01163nam a2200277 a 4500 001 000000128526 003 CaOOAMICUS 005 20120424093727.0 008 120424s2012 gw u000 u ger r 020 $a978-3-7917-2431-7 040 $aPUL$bita 100 1 $aHanke, Thomas,$b1978-$0(OLS)http://pul/name/82139 245 10$aBewusste Religion :beine Konstellationsskizze zum jungen Hegel /$cThomas Hanke. 260 $aRegensburg :$bPustet,$c©2012. 300 $a192 p. ;$c24 cm. 490 1 $aRatio fidei ;$vBd. 46 504 $aBibliografia p. [167]-192. 600 14$aHegel, Georg Wilhelm Friedrich,$d1770-1831$xTeologia.$0(OLS)http://pul/subject/34710 830 0$aRatio fidei ;$vBd. 46.$0(OLS)http://pul/title/99457 850 $aPUL 852 $aPUL$W1$xSL Religione 1$y3$m57 M 46$j148853$qStampati$B147382$CPULBib$Z2$F147382 $H119512 $82 941 1 $a8 996 $6020$a978-3-7917-2431-7$9(OLS)http://pul/number/149484 996 $6245$aBewusste Religion :beine Konstellationsskizze zum jungen Hegel$9(OLS)http://pul/title/162406 996 $6260$aRegensburg :$bPustet$9(OLS)http://pul/publisher/61617 LEADER 01574nam a2200337 u 4500 001 000000065917 003 CaOOAMICUS 005 20070226121522.0 008 011218s1974 fr u000 u fre u 035 $a10914577 040 $aPUL(R)$bita 100 1 $aWéber, Édouard-Henri,$cO.P.,$d1922-$0(OLS)http://pul/name/20486 245 10$aDialogue et dissensions entre Saint Bonaventure et Saint Thomas d'Aquin à Paris (1252-1273) /$cpar Edouard-Henri Wéber ; préface de Y. Congar. 260 $aParis :$bJ. Vrin,$c1974. 300 $a519 p. ;$c26 cm 490 1 $aBibliothèque thomiste ;$v41 500 $aContiene indici. 504 $aBibliografia in nota. 600 04$aThomas Aquinas,$cs.,$dc. 1225-1274$xFilosofia.$0(OLS)http://pul/subject/1465 600 04$aBonaventura,$cs., card.,$dc. 1217-1274$xFilosofia.$0(OLS)http://pul/subject/1949 650 4$aTomismo.$0(OLS)http://pul/subject/597 650 4$aFilosofia medievale.$0(OLS)http://pul/subject/139 700 1 $aCongar, Yves,$ccardinale,$d1904-1995.$0(OLS)http://pul/name/368 830 0$aBibliothèque thomiste ;$v41.$0(OLS)http://pul/title/1273 850 $aPUL 852 $aPUL$W1$xSL Religione 1$y3$m78 D 5$j85264$nBK-PRI$b $qStampati$B85264$CPULBib$Z2$F85264 $H $81 941 1 $a8 960 $aFilosofia medioevale$9139 961 $aINV: 40618 996 $6245$aDialogue et dissensions entre Saint Bonaventure et Saint Thomas d'Aquin à Paris (1252-1273)$9(OLS)http://pul/title/87598 996 $6260$aParis :$bJ. Vrin$9(OLS)http://pul/publisher/48393